logo

Interaction Design (Record no. 2022)

000 -LEADER
fixed length control field 00542nam a22001937a 4500
003 - CONTROL NUMBER IDENTIFIER
control field SLTCLib
008 - FIXED-LENGTH DATA ELEMENTS--GENERAL INFORMATION
fixed length control field 260605b ce ||||| |||| 00| 0 eng d
020 ## - INTERNATIONAL STANDARD BOOK NUMBER
International Standard Book Number 9781119901099
041 ## - LANGUAGE CODE
Language code of text/sound track or separate title English Language
080 ## - UNIVERSAL DECIMAL CLASSIFICATION NUMBER
Universal Decimal Classification number 004.92
Item number ROG
100 ## - MAIN ENTRY--PERSONAL NAME
Personal name Rogers, Yvonne
9 (RLIN) 3569
245 ## - TITLE STATEMENT
Title Interaction Design
Remainder of title beyond human-computer interaction
260 ## - PUBLICATION, DISTRIBUTION, ETC. (IMPRINT)
Place of publication, distribution, etc Indianapolis
Name of publisher, distributor, etc John Wiley and Sons,
Date of publication, distribution, etc 2023
300 ## - PHYSICAL DESCRIPTION
Extent 689p.
650 #0 - SUBJECT ADDED ENTRY--TOPICAL TERM
9 (RLIN) 2891
Topical term or geographic name as entry element Computer-aided design
700 ## - ADDED ENTRY--PERSONAL NAME
9 (RLIN) 3567
Personal name Sharp, Helen
700 ## - ADDED ENTRY--PERSONAL NAME
9 (RLIN) 3568
Personal name Preece, Jennifer
942 ## - ADDED ENTRY ELEMENTS (KOHA)
Source of classification or shelving scheme
Koha item type Reference Materials
945 ## - LOCAL PROCESSING INFORMATION (OCLC)
a 3725
b Ishara wickramage
c 3725
d Ishara wickramage
Holdings
Withdrawn status Lost status Source of classification or shelving scheme Damaged status Not for loan Permanent Location Current Location Shelving location Date acquired Cost, normal purchase price Full call number Barcode Date last seen Price effective from Koha item type
          Library of SLTC Library of SLTC Reference Section 2026-06-05 43434.00 004.92 ROG 003410 2026-06-05 2026-06-05 Reference Materials
          Library of SLTC Library of SLTC Reference Section 2026-06-05 43434.00 004.92 ROG 003409 2026-06-05 2026-06-05 Reference Materials
Ghostwriter

All Rights Reserved, Library of SLTC
Sri Lanka Technological Campus, Ingiriya Road, Padukka, Sri Lanka - Telephone: +, Fax: + -
Email:library@sltc.edu.lk
Designed & Maintained by Nimal Hettiarachchi
Last Updated: 15-April -2018